Statistiken für Britische Fußballer, die die Champions League gewonnen haben

Klicken Sie hier um das Quiz zu spielen!

Allgemein

  • Dieses Quiz wurde 98 mal gespielt
  • Das Durchschnittsergebnis liegt bei 16 aus 33

Antwortstatistiken

SaisonNationalitätSpieler% Korrekt
13/14, 15/16,
16/17, 17/18
WalesGareth Bale
90%
18/19EnglandTrent Alexander-Arnold
80%
18/19SchottlandAndrew Robertson
79%
22/23EnglandPhil Foden
79%
18/19EnglandJordan Henderson
78%
07/08EnglandPaul Scholes
72%
22/23EnglandJohn Stones
70%
07/08EnglandWayne Rooney
70%
22/23EnglandJack Grealish
69%
98/99, 07/08WalesRyan Giggs
68%
98/99EnglandDavid Beckham
65%
22/23EnglandKyle Walker
65%
11/12EnglandFrank Lampard
63%
20/21EnglandReece James
59%
20/21EnglandMason Mount
58%
04/05EnglandSteven Gerrard
58%
07/08EnglandRio Ferdinand
57%
18/19EnglandJames Milner
56%
98/99EnglandAndy Cole
48%
11/12EnglandAshley Cole
48%
18/19EnglandJoe Gomez
43%
20/21EnglandBen Chilwell
38%
98/99EnglandGary Neville
35%
07/08EnglandMichael Carrick
33%
11/12EnglandTim Cahill
33%
00/01, 07/08EnglandOwen Hargreaves
27%
99/00, 01/02EnglandSteve McManaman
22%
98/99EnglandTeddy Sheringham
22%
04/05EnglandJamie Carragher
21%
11/12EnglandRyan Bertrand
16%
07/08EnglandWesley Brown
10%
98/99EnglandNicky Butt
9%
96/97SchottlandPaul Lambert
6%

Verteilung der Resultate

Perzentil nach korrekt beantworteten Fragen

Anzahl Personen mit jedem Resultat

Ihre Resultats-Entwicklung

Sie haben dieses Quiz noch nicht gespielt